| 000 | 00556nam a2200193 a 4500 | ||
|---|---|---|---|
| 001 | 1762319684840 | ||
| 003 | YourLibrary | ||
| 005 | 20251105104619.0 | ||
| 008 | 251105s1998##################000#0#eng## | ||
| 020 | _a9780792383420 | ||
| 082 | 0 | 4 |
_a613 _bZWE |
| 100 | 1 |
_aZweifel, Peter, _eauthor. |
|
| 245 | 1 | 0 | _aRegulation of Health: Case Studies of Sweden and Switzerland : |
| 260 |
_bSpringer Science & Business Media, _c1998. |
||
| 300 | _a296 pages | ||
| 650 | 0 | _aBusiness & Economics. | |
| 942 | _cENGLISH | ||
| 040 |
_aYourLibrary _beng _cYourLibrary |
||
| 999 |
_c595801 _d595801 |
||